Tratos y retratos : Gabriel García Márquez, José Saramago, Carlos Monsiváis /

Tratos y retratos es una serie televisual conducido por la periodista Silvia Lemus. El presente video reúne las entrevistas realizadas a tres prominentes escritores iberoamericanos: el mexicano Carlos Monsiváis, el colombiano Gabriel García Márquez y el portugués José Saramago.

Guardat en:
Dades bibliogràfiques
Autor principal: Lemus, Silvia (entrevista)
Altres autors: Lemus, Silvia (dirección) (dirección), Sota Jiménez, Armando (realización) (realización), Romero, Blanca (realización) (realización), García Márquez, Gabriel (autor) (autor), Saramago, José (autor) (autor), Monsiváis, Carlos (autor) (autor)
Format: Diapositiva
Idioma:espanyol
Publicat: México : CONACULTA : Canal 22, 2008, c2008
Col·lecció:(Colección Canal 22. Literatura)
Matèries:
Etiquetes: Afegir etiqueta
Sense etiquetes, Sigues el primer a etiquetar aquest registre!

MARC

LEADER 00000ngm^a2200000^a^4500
001 000300716
005 20250521000000.0
009 20260310112521.43
037 |a Acervo ITESO - Biblioteca 
041 |a ESP 
082 |a 709.  |b CAN V. 2 
100 |a Lemus, Silvia  |e (entrevista) 
240 1 1 |a [Tratos y Retratos con Silvia Lemus] 
245 1 0 |a Tratos y retratos :  |b Gabriel García Márquez, José Saramago, Carlos Monsiváis /  |c Entrevista y dir. de S. Lemus ; realización de A. Sota Jiménez, B. Romero. 
264 4 |a México :  |b CONACULTA :  |b Canal 22,  |c 2008, c2008 
300 |a 1 DVD multirregión (48, 59, 42 min.) :  |b color 
336 |a imagen móvil bidimensional  |b tdi  |2 rdacontenido 
337 |a video  |b v  |2 rdamedio 
338 |a videodisco  |b vd  |2 rdasoporte 
440 1 |a (Colección Canal 22.  |p Literatura) 
520 |a Tratos y retratos es una serie televisual conducido por la periodista Silvia Lemus. El presente video reúne las entrevistas realizadas a tres prominentes escritores iberoamericanos: el mexicano Carlos Monsiváis, el colombiano Gabriel García Márquez y el portugués José Saramago. 
586 |a Premio Nacional de Ciencias y Artes, categoría Lingüística y Literatura (56°: 2005): Entrevistas 
586 |a Premio Camões 1995: Entrevistas 
586 |a Premio FIL de Literatura 2006: Entrevistas 
586 |a Premio Nobel de Literatura 1982: Entrevistas 
586 |a Premio Nobel de Literatura 1998: Entrevistas 
649 |a XX 
650 |a Escritores Colombianos -  |x Entrevistas 
650 |a Escritores Mexicanos -  |x Entrevistas 
650 |a Escritores Portugueses -  |x Entrevistas 
650 |a Escritores Iberoamericanos -  |x Entrevistas -  |x Tema Principal 
650 |a Entrevistas Mexicanas 
650 |a Programas Culturales 
650 |a Televisión -  |z México -  |y 2000-2009 
650 |a Televisión -  |z México -  |y Siglo XXI 
650 |a Literatura Colombiana -  |x Historia y Crítica 
650 |a Literatura Colombiana -  |y Siglo XXI 
650 |a Literatura Mexicana -  |x Historia y Crítica 
650 |a Literatura Mexicana -  |y Siglo XXI 
650 |a Literatura Portuguesa -  |x Historia y Crítica 
650 |a Literatura Portuguesa -  |y Siglo XXI 
650 |a Literatura Iberoamericana -  |x Historia y Crítica -  |x Tema Principal 
650 |a Literatura Iberoamericana -  |y Siglo XXI 
650 |a García Márquez, Gabriel -  |x Tema Principal 
650 |a Monsiváis, Carlos -  |x Tema Principal 
650 |a Saramago, José -  |x Tema Principal 
740 0 |a Gabriel García Márquez /  |c G. García Márquez ; entrevistado por y dir. de S. Lemus ; realización de A. Sota Jiménez. 
740 0 |a José Saramago /  |c J. Saramago ; entrevistado por y dir. de S. Lemus. 
740 0 |a Carlos Monsiváis /  |c C. Monsiváis ; entrevistado por y dir. de S. Lemus ; realización de B. Romero. 
700 |a Lemus, Silvia  |e (dirección) 
700 |a Sota Jiménez, Armando  |e (realización) 
700 |a Romero, Blanca  |e (realización) 
700 |a García Márquez, Gabriel  |e (autor) 
700 |a Saramago, José  |e (autor) 
700 |a Monsiváis, Carlos  |e (autor) 
910 |a Fondo General 
920 |a Audiovisuales - DVDs 
905 |a 302 
901 |a 0500198464  |b IT2  |c DVS  |u 20250521 
902 |a https://opac.biblio.iteso.mx/vufind/Record/000300716